Izrael a Palestina přehodnocení, revidování, vyvracení
Salvato in:
| Autore principale: | |
|---|---|
| Natura: | Libro |
| Lingua: | ceco |
| Pubblicazione: |
Praha
Academia
2016
|
| Serie: | 21. století
|
| Soggetti: | |
| Tags: |
Nessun Tag, puoi essere il primo ad aggiungerne!!
|
MARC
| LEADER | 00000nam a2200000 4500 | ||
|---|---|---|---|
| 001 | 0221272 | ||
| 005 | 20231215114605.4 | ||
| 020 | |a 978-80-200-2544-9 | ||
| 041 | 0 | |a cze | |
| 044 | |a CZ | ||
| 245 | 1 | 0 | |a Izrael a Palestina |b přehodnocení, revidování, vyvracení |c Avi Šlaim |
| 264 | 1 | |a Praha |b Academia |c 2016 | |
| 300 | |a 378 s. | ||
| 490 | 1 | |a 21. století | |
| 830 | 0 | |a 21. století | |
| 610 | 2 | 0 | |a vzťahy politické medzinárodné |
| 610 | 2 | 0 | |a konflikty etnické |
| 610 | 2 | 0 | |a konflikty náboženské |
| 610 | 2 | 0 | |a dejiny |
| 610 | 2 | 0 | |a Blízky východ |
| 610 | 2 | 0 | |a Izrael |
| 610 | 2 | 0 | |a Palestína |
| 100 | 1 | |a Šlaim, Avi | |